ELEMENTS of adult education
Сохранить в:
| Формат: | |
|---|---|
| Язык: | английский |
| Опубликовано: |
Benjasprint
1996
|
| Метки: |
Добавить метку
Нет меток, Требуется 1-ая метка записи!
|
MARC
| LEADER | 00000nam a22000007a 4500 | ||
|---|---|---|---|
| 008 | 211115b ||||| |||| 00| 0 eng d | ||
| 020 | |a 9783354612 | ||
| 245 | |a ELEMENTS of adult education |c edited by 'Lere Adewale |g 163p:ill. | ||
| 250 | |c ADEWALE, 'Lere | ||
| 260 | |b Benjasprint |c 1996 |h Lagos |i 316329 |i 316330 |l LC5215.El2 |m Adult education | ||
| 500 | |a It includes references | ||
| 942 | |a lcc |c BK |e Kuteyi, M. A |f 15/11/2021 | ||
| 952 | |0 0 |1 0 |2 lcc |4 0 |6 LC5215 E L2 |7 0 |9 3876 |a HOL |b HOL |c LP |d 2021-11-15 |l 0 |o LC5215.El2 |p 2021-67601 |r 2021-11-15 00:00:00 |w 2021-11-15 |y BK | ||
| 952 | |0 0 |1 0 |2 lcc |4 0 |6 LC5215 E L2 |7 0 |9 3877 |a HOL |b AC |c LP |d 2021-11-15 |l 0 |o LC5215.El2 |p 2021-67602 |r 2021-11-15 00:00:00 |w 2021-11-15 |y BK | ||
| 999 | |c 1930 |d 1930 | ||